[Event "Ankara Baskent Univ op 8th"]
[Site "Ankara"]
[Date "2025.07.04"]
[Round "6"]
[White "Metin, Enis"]
[Black "Aynaoglu, Efe"]
[Result "1-0"]
[WhiteElo "2141"]
[BlackElo "1914"]
[PlyCount "149"]
[EventDate "2025.07.01"]
[EventType "swiss"]
[EventRounds "9"]
[EventCountry "TUR"]
[SourceTitle "CB28_2025"]
[SourceDate "2025.07.09"]
[SourceVersion "1"]
[SourceVersionDate "2025.07.09"]
[SourceQuality "1"]

1. e4 c5 2. Nf3 e6 3. d4 cxd4 4. Nxd4 a6 5. Nc3 b5 6. a3 Bb7 7. Bd3 Nc6 8. Be3 Nf6 9. Nb3 Ne5 10. h3 Rc8 11. 0-0 Be7 12. Qe2 0-0 13. Bd4 Nc4 14. e5 Nd5 15. Nxd5 Bxd5 16. a4 d6 17. exd6 Bxd6 18. axb5 axb5 19. Be4 Bxe4 20. Qxe4 Qg5 21. Rfd1 Bb8 22. Bc3 Rfd8 23. Nd4 b4 24. Bxb4 Nxb2 25. Nf3 Rxd1+ 26. Rxd1 Qb5 27. Rd4 h6 28. c3 Nc4 29. Qd3 e5 30. Rd5 e4 31. Qxe4 Qa4 32. g3 Ba7 33. Qe2 Qc6 34. Qd3 Bb6 35. Ne5 Nxe5 36. Rxe5 Ra8 37. Qe4 Qxe4 38. Rxe4 g5 39. Re2 Rc8 40. Rc2 Rc4 41. Kf1 Kg7 42. Ke2 Kf6 43. Kd3 Rc8 44. c4 Rd8+ 45. Kc3 Bd4+ 46. Kb3 Be5 47. c5 Rc8 48. Kc4 Kf5 49. Re2 f6 50. Ba5 h5 51. Kd5 Ra8 52. Bb6 Ra1 53. Rc2 Rb1 54. Ba5 Rd1+ 55. Kc4 Ra1 56. Bc3 Bxc3 57. Rxc3 Ke6 58. Rd3 Ra2 59. f3 f5 60. c6 g4 61. fxg4 hxg4 62. hxg4 fxg4 63. Kc5 Ke5 64. Re3+ Kf5 65. c7 Rc2+ 66. Kb6 Rb2+ 67. Kc6 Rc2+ 68. Kd7 Rd2+ 69. Ke8 Rc2 70. Re7 Rc1 71. Kd8 Rd1+ 72. Rd7 Rc1 73. c8Q Rxc8+ 74. Kxc8 Ke4 75. Rf7 1-0

[Event "Katerini op 2nd"]
[Site "Katerini"]
[Date "2025.03.23"]
[Round "4"]
[White "Aynaoglu, Efe"]
[Black "Kosmidis, Ioannis"]
[Result "0-1"]
[WhiteElo "1869"]
[BlackElo "2104"]
[PlyCount "88"]
[EventDate "2025.03.21"]
[EventType "swiss"]
[EventRounds "7"]
[EventCountry "GRE"]
[SourceTitle "CB14_2025"]
[SourceDate "2024.11.01"]
[SourceVersion "1"]
[SourceVersionDate "2024.11.01"]
[SourceQuality "1"]

1. e4 e5 2. Nf3 Nc6 3. Bc4 Nf6 4. d3 Be7 5. c3 0-0 6. Nbd2 d5 7. Bb3 dxe4 8. dxe4 Bc5 9. Qe2 Qe7 10. h3 Be6 11. Bc2 a5 12. g4 Nd7 13. Nf1 Nb6 14. Ne3 Bxe3 15. Qxe3 a4 16. Ng5 Bc4 17. Qf3 f6 18. Nxh7 Kxh7 19. h4 Kg8 20. h5 Be6 21. Qg3 Qf7 22. Rg1 Nc4 23. Rg2 g5 24. hxg6 Qxg6 25. Qh4 Kf7 26. Qg3 Rh8 27. Rg1 Rag8 28. g5 Qh5 29. Qd3 Rd8 30. Qg3 Qh3 31. gxf6 Qxg3 32. Rxg3 Rh1+ 33. Ke2 Rg8 34. Rxg8 Kxg8 35. Bxa4 Nd6 36. Bc2 Kf7 37. b3 Bg4+ 38. Ke3 Re1+ 39. Kd3 Nxe4 40. Bb2 Nxf2+ 41. Kd2 Re2+ 42. Kc1 e4 43. c4 Nb4 44. Bb1 Nfd3+ 0-1

[Event "EU-ch Schools U09"]
[Site "Limerick"]
[Date "2024.06.07"]
[Round "9"]
[White "Aynaoglu, Efe"]
[Black "Mulukutla, Ayaansh"]
[Result "1-0"]
[WhiteElo "1516"]
[BlackElo "1565"]
[PlyCount "47"]
[EventDate "2024.05.31"]
[EventType "swiss"]
[EventRounds "9"]
[EventCountry "IRL"]
[SourceTitle "CBM 220 Extra"]
[Source "ChessBase"]
[SourceDate "2024.07.31"]
[SourceVersion "1"]
[SourceVersionDate "2024.07.31"]
[SourceQuality "1"]

1. e4 d5 2. exd5 Qxd5 3. Nc3 Qa5 4. d4 Nf6 5. Nf3 Bf5 6. Ne5 c6 7. g4 Be4 8. f3 Bd5 9. Bd2 Qc7 10. Bf4 Qc8 11. Qd3 h5 12. g5 Nfd7 13. Bh3 e6 14. Ne2 c5 15. Nxf7 Kxf7 16. c4 Bxc4 17. Qxc4 Nb6 18. Qd3 c4 19. Qe4 Bb4+ 20. Kf2 Qc6 21. g6+ Ke7 22. Qe5 Rg8 23. Bg5+ Kd7 24. Nf4 1-0

[Event "EU-ch Schools U09"]
[Site "Limerick"]
[Date "2024.06.06"]
[Round "8"]
[White "Sahin, Bora"]
[Black "Aynaoglu, Efe"]
[Result "0-1"]
[WhiteElo "1610"]
[BlackElo "1516"]
[PlyCount "118"]
[EventDate "2024.05.31"]
[EventType "swiss"]
[EventRounds "9"]
[EventCountry "IRL"]
[SourceTitle "CBM 220 Extra"]
[Source "ChessBase"]
[SourceDate "2024.07.31"]
[SourceVersion "1"]
[SourceVersionDate "2024.07.31"]
[SourceQuality "1"]

1. e4 c5 2. Nc3 g6 3. d4 cxd4 4. Qxd4 Nf6 5. Nf3 Nc6 6. Qc4 d6 7. Bf4 Bg7 8. Rd1 Qb6 9. Nb5 0-0 10. Be3 Qa5+ 11. Bd2 Qb6 12. Be2 Be6 13. Qa4 a6 14. Nc3 Qc7 15. Ng5 b5 16. Nxe6 fxe6 17. Qa3 b4 18. Qb3 Nd4 19. Qa4 bxc3 20. Bxc3 Nxe2 21. Kxe2 Ng4 22. f3 Bxc3 23. fxg4 Bxb2 24. Qb3 Be5 25. Qxe6+ Kh8 26. Qb3 Rab8 27. Qd3 Rb2 28. Rc1 Bf4 29. Rhf1 Qc5 30. Kd1 Kg7 31. Ra1 Qb5 32. Qxb5 axb5 33. a3 Be5 34. Rxf8 Kxf8 35. Kc1 Rxc2+ 36. Kxc2 Bxa1 37. Kb3 Kf7 38. Kb4 Bb2 39. Kxb5 Bxa3 40. Kc4 Ke6 41. Kd4 Bb2+ 42. Ke3 Ke5 43. g3 d5 44. exd5 Kxd5 45. Kf2 e5 46. Ke3 e4 47. h4 Bd4+ 48. Ke2 e3 49. Kd3 g5 50. hxg5 Ke5 51. g6 hxg6 52. g5 Kd5 53. Ke2 Ke4 54. g4 Bc3 55. Kd1 Kd3 56. Kc1 e2 57. Kb1 e1Q+ 58. Ka2 Kc4 59. Ka3 Qa1# 0-1

[Event "EU-ch Schools U09"]
[Site "Limerick"]
[Date "2024.06.02"]
[Round "3"]
[White "Aynaoglu, Efe"]
[Black "Hisir, Onur"]
[Result "1-0"]
[WhiteElo "1516"]
[BlackElo "1603"]
[PlyCount "119"]
[EventDate "2024.05.31"]
[EventType "swiss"]
[EventRounds "9"]
[EventCountry "IRL"]
[SourceTitle "CBM 220 Extra"]
[Source "ChessBase"]
[SourceDate "2024.07.31"]
[SourceVersion "1"]
[SourceVersionDate "2024.07.31"]
[SourceQuality "1"]

1. e4 c5 2. Nf3 e6 3. d4 cxd4 4. Nxd4 a6 5. Nc3 Qc7 6. g3 Bb4 7. Nde2 Nf6 8. Bg2 d6 9. 0-0 Nbd7 10. a3 Bxc3 11. Nxc3 0-0 12. Bf4 e5 13. Bg5 h6 14. Bxf6 Nxf6 15. Qd2 b5 16. Rad1 Rd8 17. Rfe1 Bb7 18. Re3 Rd7 19. Bh3 Rdd8 20. f3 Qb6 21. Kg2 a5 22. b4 axb4 23. axb4 Qc6 24. Kh1 Qc4 25. Rd3 Ra6 26. Rb1 Kh7 27. Bf1 Qc6 28. Qe2 Ra3 29. Nd1 Rxd3 30. Qxd3 Ba6 31. Ne3 g6 32. Rd1 Qb6 33. Ra1 Ra8 34. Ra5 Ne8 35. Nd5 Qc6 36. Qa3 Qc8 37. Nb6 Qxc2 38. Nxa8 Qf2 39. Qd3 Bc8 40. Qe2 Qd4 41. Qxb5 Qd1 42. Qe2 Qb1 43. b5 Bh3 44. Kg1 Qb4 45. Ra2 Qc5+ 46. Qf2 Qc1 47. b6 Bxf1 48. Qxf1 Qc5+ 49. Qf2 Qc1+ 50. Kg2 Qc8 51. Ra7 Kg7 52. b7 Qb8 53. Qa2 d5 54. exd5 Nd6 55. Qa6 Kh7 56. Nb6 Qc7 57. Nc4 Nxc4 58. b8Q Ne3+ 59. Kh3 Qxb8 60. Rxf7+ 1-0